000 00325nam a22001457a 4500
003 OSt
008 231026b |||||||| |||| 00| 0 eng d
041 _ahin
082 _a891.54
_bHAR/CH
100 _aHariaud
_95538
245 _aChand sitare
260 _aVaranasi
_bHindi Pracharak Pustakalay
300 _a32
942 _cBK
999 _c17755
_d17755